000
00332nam a2200145Ia 4500
100
_a
Burbbidge/J.L
942
_c
BK
654
_a
Principles Of Production Control
245
_a
Principles Of Production Control
260
_b
Macdonald
_a
London
_c
1981
082
_a
658.5
_b
Bur
300
_a
588
546
_a
ENGLISH
999
_c
17965
_d
17965